LEADER 01080nam0 2200301 450 001 000022327 005 20080930101601.0 010 $a3-930609-06-1 100 $a20080930d1995----km-y0itaa50------ba 101 0 $ager 102 $aDE 200 1 $a<> Odysseefresken vom Esquilin$fRalf Biering 210 $a[München]$cBiering & Brinkmann$dc1995 215 $a208 p., 24 c. di tav. ripieg.$cill.$d32 cm 225 2 $aStudien zur antiken Malerei und Farbgebung$v2 410 1$12001$aStudien zur antiken Malerei und Farbgebung$v2 606 1 $aPittura romana 676 $a759.563$v(21. ed.)$9Pittura. Roma 700 1$aBiering,$bRalf$0176774 801 0$aIT$bUniversità della Basilicata - B.I.A.$gRICA$2unimarc 912 $a000022327 996 $aOdysseefresken vom Esquilin$988029 997 $aUNIBAS BAS $aLETTERE CAT $aSTD052$b01$c20080930$lBAS01$h1015 CAT $aSTD052$b01$c20080930$lBAS01$h1016 FMT Z30 -1$lBAS01$LBAS01$mBOOK$1BASA4$APolo di Matera$2GEN$BCollezione generale$3MSR$684276$5L84276$820080930$f02$FPrestabile Generale LEADER 00827nam0 2200241 450 001 000026934 005 20110913121824.0 100 $a20091104d1841----km-y0itay50------ba 200 1 $a<> orientales$fpar Victor Hugo 210 $aParis$cCharpentier$d1841 215 $a293 p.$d18 cm. 316 $aSul frontespizio: Sergio De Pilato 700 1$aHugo,$bVictor$0444801 801 0$aIT$bUniversità della Basilicata - B.I.A.$gRICA$2unimarc 912 $a000026934 996 $aOrientales$990781 997 $aUNIBAS BAS $aLETTERE CAT $aTTM$b30$c20091104$lBAS01$h1258 CAT $aATR$b20$c20110913$lBAS01$h1022 CAT $aATR$b20$c20110913$lBAS01$h1218 FMT Z30 -1$lBAS01$LBAS01$mBOOK$1BASA1$APolo Storico-Umanistico$2FDEP2$BFondo De Pilato Biscione$3FD/109153$6109153$5L109153$820091104$f52$FRari